Capitali per Fuso Orario - UTC+1 - Statistics

Statistiche generali
  • Questo quiz è stato fatto 2 volte
  • Il punteggio medio è 42 su 44
Statistiche sulle risposte
Continente Capitale % Corretto
Africa Abuja
100%
Africa Algeri
100%
Europa Amsterdam
100%
Europa Andorra La Vella
100%
Africa Bangui
100%
Europa Belgrado
100%
Europa Berlino
100%
Europa Berna
100%
Europa Bratislava
100%
Africa Brazzaville
100%
Europa Bruxelles
100%
Europa Budapest
100%
Europa Città del Vaticano
100%
Europa Città di San Marino
100%
Europa Copenaghen
100%
Africa Kinshasa
100%
Europa La Valletta
100%
Africa Libreville
100%
Africa Luanda
100%
Europa Lubiana
100%
Europa Lussemburgo
100%
Europa Madrid
100%
Africa Malabo
100%
Europa Monaco
100%
Africa N'Djamena
100%
Europa Oslo
100%
Europa Podgorica
100%
Europa Praga
100%
Africa Rabat
100%
Europa Roma
100%
Africa São Tomé
100%
Europa Sarajevo
100%
Europa Stoccolma
100%
Europa Tirana
100%
Africa Tunisi
100%
Europa Vaduz
100%
Europa Varsavia
100%
Europa Vienna
100%
Africa Yaoundé
100%
Europa Zagabria
100%
Africa Niamey
50%
Europa Parigi
50%
Africa Porto-Novo
50%
Europa Skopje
0%
Nessun quiz corrispondente trovato
Distribuzione punteggi
Percentuale di utenti per punteggio
Percentile per numero di risposta
I tuoi punteggi nel tempo
Non hai fatto questo quiz